000 00843nam a22002057a 4500
999 _c189438
_d189438
005 20220701124306.0
010 _aB-744792 RP Aruna Nagar
020 _c1200.00
035 _aB-744792
037 _bPansy Books
082 _a340.076
100 _aSolanki, Anand Prakash
245 _a Delhi Judicial Service Examination:
_bPreliminary Examination Guide /
_cAnand Prakash Solanki
250 _a2nd ed.
260 _aJodhpur
_bGlobal Publishing House
_c2022
270 _aB-38, krishna Nagar, New High Court Road, Pali Road
_bJodhpur
_k94141-27979
_mglobalbooksin@gmail.com
300 _a1100p.
_c25cm(hbk)
942 _2ddc
_cEN
_mSOL
_h340.076